Регионална библиотека "Любен Каравелов" - Русе

Интернационалисти на дело (Запис номер 443717)

MARC детайли
000 -Лидер
Контролно поле с фиксирана дължина nam a22 a 4500
003 - Код на организацията, давaща контролен номер
Контролно поле BLK
005 - Дата и час на последна редакция
Контролно поле 20221208120117.0
008 - Елементи от данни с фиксирана дължина
fixed length control field 180409b bul|||||r ||||||| ||bul||
040 ## - Източник на каталожния запис
Идентификатор на билиотеката - собственик на записа BLK
041 ## - Код за език
Код за езика на текст/звукозапис или на отделно заглавие Български
Код за езика КДБФ Български
080 ## - УДК
Текстов определител УДК Комунистически партии. Вж и 327.323
УДК код - определител по УДК 329.15
УДК определител (497.2)
УДК - код + определител 329(497.2)
100 1# - Редна дума - Автор
Автор Йотов, Кольо
Пълна форма на името Томчев, Кольо Йотов
Авторска отговорност първи автор
R(LIN) 74333
139 ## - Редно поле
Редна дума Йотов, Кольо Т.
245 10 - Сведения за заглавието
Заглавие Интернационалисти на дело
Подзаглавни данни Из дейността на БКП
Редно поле (дума) Кольо Йотов
257 ## - Страна на издаване
Страна на създаване/издаване СССР
260 ## - Област на издателските данни
Място на издаване, разпространение и проч. София
Име на издателя, разпространителя и проч. Нар. просвета
Година на издаване 1960
9 (RLIN) 443233
300 ## - Физическа характеристика
Страници 76 с.
Размери/Мащаб 20 см
380 ## - Жанр
Жанр Обществени науки
490 ## - СЕРИИ (Колекции)
Име на серия Популярна историческа библиотека
№: серия 1
9 (RLIN) 204709
650 #7 - Допълнително описание по предмет – тема
Основно описание – тема или топоним БКП
9 (RLIN) 148775
651 #7 - Допълнително описание по предмет - топоним
Географско понятие България
9 (RLIN) 178684
653 ## - Ключова дума – ненормативна
Ключова дума КПСС
653 #0 - Ключова дума – ненормативна
Ключова дума интернационална дейност
9 (RLIN) 470255
852 ## - Местоположение
Форматна сигнатура Цб 16922
Фондова буква Основен фонд - ползва се само за читалня
856 4# - Електронен адрес и достъп
Електронен формат pdf - файл
856 4# - Електронен адрес и достъп
Електронен формат pdf - файл
999 ## - СИСТЕМНИ КОНТРОЛНИ НОМЕРА
Koha biblionumber 443717
Koha biblioitemnumber 443717
942 ## - АРТИКУЛИ
Вид на библиотечния материал Книги
Скрит в OPAC Не
Периодичен библиозапис Да
944 ## - СЪЗДАВАНЕ И РЕДАКЦИЯ на ЗАПИСА
Създаване/Редакция Създаване
Дата на регистрацията/редакция 2022-02-05
Статус, дата на статуса 2022-02-05
Служител, извършил регистрацията/редакцията К.Д.
Наличности
Код за отписване Код за изгубен артикул Източник на класификационната схема Код за повреда Коз за рестрикции Код за отдаване Артикулен № Име на библиотеката - собственик Име на библиотеката, в която се намира в момента Статус (Текущо местоположение) Дата на вписване в системата Местоположение - отдел Цена в лева Инвентарен номер Систематично азбучна сигнатура Баркод Цена в евро Служебен тип на артикула
  Не е изгубен Universal Decimal Classification Не е повреден само за читалня ползва се в читалня 869624 Регионална библиотека "Любен Каравелов" Русе Регионална библиотека "Любен Каравелов" Русе Хранилище 2022-02-06 Основен фонд - ползва се само за читалня 0.20 8098/60 Цб 16922 900000085250 0.10 Книги
Vip Innovations Ltd, Rousse, Bulgaria 2025